Widow immolation in Mughal India: Perceptions of French travellers and adventures in this seventeenth and eighteenth centuries (Record no. 106272)

000 -LEADER
fixed length control field 00449pab a2200157 454500
008 - FIXED-LENGTH DATA ELEMENTS--GENERAL INFORMATION
fixed length control field 180718b2014 xxu||||| |||| 00| 0 eng d
100 ## - MAIN ENTRY--PERSONAL NAME
Personal name Kundra, Sakul
245 ## - TITLE STATEMENT
Title Widow immolation in Mughal India: Perceptions of French travellers and adventures in this seventeenth and eighteenth centuries
260 ## - PUBLICATION, DISTRIBUTION, ETC.
Date of publication, distribution, etc. 2014
300 ## - PHYSICAL DESCRIPTION
Extent p.63-84.
362 ## - DATES OF PUBLICATION AND/OR SEQUENTIAL DESIGNATION
Dates of publication and/or sequential designation Sep-Oct
650 ## - SUBJECT ADDED ENTRY--TOPICAL TERM
Topical term or geographic name entry element Widows
773 ## - HOST ITEM ENTRY
Main entry heading Social Scientist
908 ## - PUT COMMAND PARAMETER (RLIN)
Put command parameter N
909 ## -
-- 106277
Holdings
Withdrawn status Lost status Damaged status Not for loan Permanent Location Current Location Date acquired Serial Enumeration / chronology Barcode Date last seen Price effective from Koha item type
        Indian Institute of Public Administration Indian Institute of Public Administration 2018-07-19 Volume no: 42, Issue no: 9-10 AR106737 2018-07-19 2018-07-19 Articles

Powered by Koha